LEADER 00442nab a2200145 i 4500 001 000000314669 003 CaOOAMICUS 005 20180831173135.0 008 180831n xx uu u0 0und r 013 $a23757 040 $aSeMil$bita 100 1 $aBauducco, Francesco.$0(OLS)http://semarc/name/88608 245 13$aLa vocazione obbliga. 773 0 $t[Gennaio-Dicembre].$g287-296$w()274254 996 $6245$aLa vocazione obbliga.$9(OLS)http://semarc/title/388808 LEADER 00571naa a2200157 i 4500 001 000000294403 003 CaOOAMICUS 005 20180831172505.0 008 180831n xx u000 u fre u 013 $a1681 040 $aSeMil$bita 100 1 $aFédou, Michel,$c.$0(OLS)http://semarc/name/10149 245 10$aPatristique et théologie. 650 4$aPatristica.$0(OLS)http://semarc/subject/3585 773 0 $tPenser la foi.$dParis : Les Éditions du Cerf, 1993.$z2-204-04863-1$gp.487-496$w()43487 996 $6245$aPatristique et théologie$9(OLS)http://semarc/title/370488